000 00756nam a2200265Ia 4500
003 OSt
005 20221007122600.0
006 a|||||r|||| 00| 0
007 ta
008 221006b |||||||| |||| 00| 0 eng d
020 _a9780521178778 (pbk)
024 _a111880
037 _cTextbook
040 _aPAPL
_cPAPL
_beng
041 _2eng
_aeng
082 _aCN, Q0-;2 Carpa
100 _aNarlikar Jayant V
245 0 _aIntroduction to relativity
260 _aCambridge
_bCambridge University Press
_c2010
300 _aviii, 363p.
_ccm.
500 _aReferences 353-357p.; Index 358-363p.
650 _aGeneral relativity
942 _hCN, Q0-;2 Carpa
_cTB
_2CC
999 _c1210614
_d1210614